E28(神戸淡路鳴門道)のIC - Statistics

General Stats
  • This quiz has been taken 71 times
  • The average score is 10 of 16
Answer Stats
神戸淡路鳴門道 % Correct
IC/SA 淡路
100%
JCT/IC 垂水
91%
IC 鳴門
87%
IC 洲本
78%
IC 鳴門北
67%
IC 神戸西
65%
IC/PA 淡路島南
64%
IC 北淡
60%
SIC 淡路島中央
58%
PA
56%
IC 東浦
55%
IC 西淡三原
55%
JCT/IC 布施畑
51%
PA 室津
49%
IC 津名一宮
47%
SIC 淡路北
42%
No matching quizzes found
Score Distribution
Percent of People with Each Score
Percentile by Number Answered
Your Score History
You have not taken this quiz